000 00483cam a22002051 4500
001 sa 64004550
003 DLC
005 20260227112026.0
008 890621s1963 ii 000 0 beno
010 _asa 64004550
035 _a(OCoLC)19906540
040 _aDLC
_cWaU
_dDLC
042 _apremarc
050 0 0 _aPK1718.B6
_bB47
100 1 _aBose, Buddhadeva.
245 1 0 _aBhāso, āmāra bhelā.
260 _c[1963]
300 _a8, 582 p.
_c22 cm.
500 _aIn Bengali.
999 _c58586
_d58586